[Escola Catalana Mossèn Cinto del Foment Autonomista Català]
Descripción Física:
[3] p. ; 28 cm
Materias:
Escola Catalana Mossèn Cinto
MARC
| LEADER | 00000nam a2200000Ia 4500 | ||
|---|---|---|---|
| 001 | 19579 | ||
| 003 | BGR | ||
| 005 | 20260410113637.0 | ||
| 008 | 160829s1920 xx 000 0 cat d | ||
| 080 | |a RF-13-62 | ||
| 110 | 1 | |a Escola Catalana Mossèn Cinto |9 70770 | |
| 245 | |a [Escola Catalana Mossèn Cinto del Foment Autonomista Català] | ||
| 260 | |a Barcelona : |b [s.n.], |c 1920 | ||
| 300 | |a [3] p. ; |c 28 cm | ||
| 590 | |a Prové de 3739, exp. 22 | ||
| 610 | 1 | 0 | |a Escola Catalana Mossèn Cinto |9 70770 |
| 710 | 2 | |a Foment Autonomista Català |9 70797 | |
| 856 | 4 | |u https://media.diba.cat/diba/fitxers/arxiu/fulletons/bib_19579_1920_baixa.pdf |y Accés lliure | |
| 856 | 4 | |u https://media.diba.cat/diba/fitxers/arxiu/fulletons/bib_19579_1920_baixa.pdf |y Accés lliure | |
| 900 | |a bib_19579_1920_baixa.pdf | ||
| 901 | |a Arxiu | ||
| 942 | |n 1 |2 udc |c MON | ||
| 952 | |0 0 |1 0 |4 0 |6 RF1362 |7 1 |9 54158 |a Arxiu |b Arxiu |d 2016-12-01 |l 0 |o RF-13-62 |p 19579 |r 2016-12-01 00:00:00 |w 2016-12-01 |y ARXIU | ||
| 999 | |c 58027 |d 58027 | ||